| 000 | 01075nam a2200265 a 4500 | ||
|---|---|---|---|
| 001 | 000032090 | ||
| 005 | 20240316073920.0 | ||
| 008 | 110712s2012 dr a 000 0 spa d | ||
| 020 | _a9789945074581 | ||
| 040 |
_aDO-SdBNP _bspa _cBNPHU |
||
| 082 |
_aR910.3 _bR252d |
||
| 100 | 1 |
_aRavelo, Temístocles A. _d1854-1936 _958207 |
|
| 245 | 1 | 0 |
_aDiccionario geográfico-histórico dominicano / _cTemístocles A. Ravelo ; edición Andrés Blanco Díaz. |
| 260 |
_aSanto Domingo : _bArchivo General de la Nación, _c2012. |
||
| 300 |
_a354 p. : _bils. ; _c28 cm. |
||
| 490 | 1 |
_aArchivo General de la Nación _v167 |
|
| 500 | _aIncluye datos biográficos del autor en las solapas | ||
| 500 | _aIncluye referencias bibliográficas y notas al pie de las páginas | ||
| 500 | _aIncluye anexos | ||
| 650 | 4 |
_aGeografía _zRepública Dominicana _vDICCIONARIOS _958208 |
|
| 650 | 4 |
_aRepública dominicana _xHistoria _vDICCIONARIOS _958209 |
|
| 700 | 1 | 2 |
_aBlanco Díaz, Andrés _eed. _9172 |
| 830 | 0 |
_aArchivo General de la Nación _n167 _958210 |
|
| 910 | _aValidado. Control de calidad MFF | ||
| 999 |
_c31581 _d31581 |
||